000 00452nam a2200181Ia 4500
001 20810
005 20260306172833.0
008 260306t2009||||xx |||||||||||||| ||spa||
041 _aESP
082 _a343.8
_bC32
100 _aCastillo Freyre, Mario (coord.)
_eAUT
245 0 _aTributación en derecho:
_bliber in memoriam
260 _c2009
300 _a856 pƔginas :
_c24 cm.
650 _aGEN
654 _aCDE
942 _cLIB
_dJUS
_fJUS
_2ddc
_n
999 _c20810
_d20810